Alle Regierungschefs Europas - Statistiken

Allgemein
  • Dieses Quiz wurde 283 mal gespielt
    261 seit der letzten Aktualisierung
  • Das Durchschnittsergebnis liegt bei 8 aus 51
Antwortstatistiken
Land Amt EU? Präsident % Korrekt
Deutschland Bundeskanzler Olaf Scholz
100%
Frankreich Präsident Emmanuel Macron
95%
Russland Präsident Wladimir Putin
64%
Türkei Präsident Recep Tayyip Erdoğan
61%
Ungarn Ministerpräsident Viktor Orbán
55%
Italien Ministerpräsident Giorgia Meloni
48%
Ukraine Präsident Wolodymyr Selenskyj
48%
Großbritannien Premierminister Rishi Sunak
38%
Polen Ministerpräsident Donald Tusk
35%
Belarus Präsident Alexander Lukaschenko
30%
Österreich Bundeskanzler Karl Nehammer
25%
Spanien Ministerpräsident Pedro Sánchez
25%
Niederlande Ministerpräsident Mark Rutte
24%
Dänemark Ministerpräsidentin Mette Frederiksen
13%
Estland Ministerpräsidentin Kaja Kallas
12%
Belgien Premierminister Alexander De Croo
9%
Griechenland Ministerpräsident Kyriakos Mitsotakis
9%
Rumänien Präsident Klaus Werner Johannis
7%
Portugal Premierminister António Costa
6%
Albanien Ministerpräsident Edi Rama
6%
Tschechien Ministerpräsident Petr Fiala
6%
Finnland Ministerpräsident Petteri Orpo
5%
Kroatien Ministerpräsident Andrej Plenković
4%
Schweden Ministerpräsident Ulf Kristersson
4%
Luxemburg Premierminister Xavier Bettel
4%
Norwegen Staatsminister Jonas Gahr Støre
3%
Irland Premierminister Leo Varadkar
3%
Kosovo Premierminister Albin Kurti
2%
Liechtenstein Regierungschef Daniel Risch
2%
Lettland Ministerpräsidentin Evika Siliņa
2%
Litauen Präsident Gitanas Nausėda
2%
Zypern Präsident Nikos Christodoulidis
2%
Slowenien Ministerpräsident Robert Golob
2%
Serbien Premierministerin Ana Brnabić
1%
Bosnien und Herzegowina Vorsitzender des Ministerrates Borjana Krišto
1%
Vatikanstadt Präsident Fernando Vérgez Alzaga
1%
Bulgarien Ministerpräsident Nikolaj Denkow
1%
Armenien Premierminister Nikol Paschinjan
1%
Malta Premierminister Robert Abela
1%
Andorra Regierungschef Xavier Espot Zamora
1%
Schweiz Bundespräsident Alain Berset
0%
Kasachstan Premierminister Älichan Smajylow
0%
Nordmazedonien Ministerpräsident Dimitar Kovačevski
0%
Moldau Ministerpräsident Dorin Recean
0%
Montenegro Premierminister Dritan Abazović
0%
Georgien Premierminister Irakli Gharibaschwili
0%
Island Premierministerin Katrín Jakobsdóttir
0%
San Marino Außenminister Luca Beccari
0%
Slowakei Ministerpräsident Ľudovít Ódor
0%
Aserbaidschan Ministerpräsident Oli Osadov
0%
Monaco Staatsminister Pierre Dartout
0%
Keine übereinstimmenden Quizze gefunden
Verteilung der Resultate
Anzahl Personen mit jedem Resultat
Perzentil nach korrekt beantworteten Fragen
Ihre Resultats-Entwicklung
Sie haben dieses Quiz seit der letzten Aktualisierung nicht gespielt